000 01470nam a2200373 c 4500
001 60697
003 CO-BoRNBP
005 20260317145901.0
007 ta
008 210901r20092019ck a br fdspa d spa
020 _a9789587056082
040 _aCO-BoRNBP
_bspa
_erda
_cCO-BoRNBP
041 0 _aspa
084 _aN
100 1 0 _aMeneses Claros, Gerardo,
_d1966-
_eaut
_938202
245 1 3 _aLa luna en los almendros /
_cGerardo Meneses Claros.
250 _aPrimera edición
_bNovena reimpresión
250 _aSegunda edición
264 1 _aBogotá, Colombia :
_bSM,
_c2019
300 _a83 páginas
336 _atexto
_btxt
_2rdacontent
337 _asin mediación
_bn
_2rdamedia
338 _avolumen
_bnc
_2rdacarrier
490 0 _aEl barco de vapor. Naranja
_v12C
_v46LC
500 _aEl material correspondiente a la dotación PNLB 2022 con código RURAL-2022-00073, corresponde a la segunda edición de 2019
521 _aRecomendado para un público infantil mayor de 9 años
545 _aIncluye datos biográficos del autor al final del texto
586 _aObra ganadora de la IV versión del Premio de Literatura Infantil Barco de Vapor - Biblioteca Luis Ángel Arango, 2011
650 1 7 _aEmociones
_vNovela
_2lemb
_968758
650 1 7 _aNovela infantil colombiana
_ySiglo XX
_2rnbp
_9365
650 1 7 _aVida en el campo
_vNovela
_2lemb
_969468
650 1 7 _aLiteratura infantil colombiana
_ySiglo XX
_2rnbp
_9364
942 _2loc
_cBKLITI
999 _c60697
_d60697